UAB Basketball: Top 10 All-Time Leaders - Statistics

General Stats
  • This quiz has been taken 3 times
    1 since last reset
  • The average score is 3 of 91
Answer Stats
Category # Player Amount % Correct
Points 5 Morris Finley 1,539
100%
Steals T5 Morris Finley 180
100%
Three Pointers Made 4 Morris Finley 248
100%
Assists 1 Aaron Johnson 664
0%
Steals T10 Aaron Johnson 170
0%
Games 6 Aaron Johnson 133
0%
Blocks 2 Alan Ogg 266
0%
Points 2 Andy Kennedy 1,787
0%
Three Pointers Made 1 Andy Kennedy 318
0%
Field Goal Percent 8 Andy Kennedy 44.0%
0%
Points Per Game 4 Andy Kennedy 18.8
0%
Rebounds 7 Anthony Gordon 746
0%
Games 2 Anthony Gordon 137
0%
Assists 4 Barry Bearden 510
0%
Three Pointers Made 8 Barry Bearden 172
0%
Rebounds 6 Cameron Moore 747
0%
Blocks 4 Cameron Moore 137
0%
Assists 5 Carldell Johnson 482
0%
Steals 2 Carldell Johnson 224
0%
Points 8 Carlos Williams 1,474
0%
Rebounds 8 Carlos Williams 669
0%
Field Goal Percent 9 Carlos Williams 42.7%
0%
Points Per Game 2 Carlos Williams 19.4
0%
Three Pointers Made 6 Cedric Dixon 218
0%
Points 3 Chris Cokley 1,660
0%
Rebounds 2 Chris Cokley 856
0%
Field Goal Percent 1 Chris Cokley 57.2%
0%
Games T4 Chris Cokley 134
0%
Assists 7 Corey Jackson 423
0%
Steals T5 Damon Cobb 180
0%
Three Pointers Made 5 Damon Cobb 234
0%
Steals 7 Demario Eddins 175
0%
Games 8 Denzell Watts 131
0%
Blocks 9 Eddie Collins 86
0%
Points 4 Elbert Rogers 1,587
0%
Rebounds 10 Elbert Rogers 616
0%
Field Goal Percent 2 Elbert Rogers 52.8%
0%
Steals T10 Eric Bush 170
0%
Assists 10 Eric Gaines 359
0%
Blocks 10 Frank Holmes 84
0%
Steals 9 George Wilkerson 172
0%
Assists 3 Jack Kramer 586
0%
Points Per Game 9 Jamarr Sanders 13.9
0%
Blocks 5 Jerome Mincey 131
0%
Points 6 Jerome Mincy 1,495
0%
Rebounds 1 Jerome Mincy 933
0%
Blocks 8 Jerome Mincy 95
0%
Games 3 Jerome Mincy 136
0%
Points 10 Jordan Walker 1,426
0%
Three Pointers Made 3 Jordan Walker 251
0%
Points Per Game 1 Jordan Walker 21.3
0%
Games 10 Larry Rembert 128
0%
Rebounds 4 Lawrence Kinnard 806
0%
Blocks 7 Lawrence Kinnard 100
0%
Field Goal Percent 7 Lawrence Kinnard 44.7%
0%
Three Pointers Made 7 Marvett McDonald 173
0%
Assists 8 Michael Charles 403
0%
Assists 6 Nick Norton 454
0%
Three Pointers Made 9 Nick Norton 169
0%
Blocks 6 Norm Anchrum 125
0%
Field Goal Percent 3 Oliver Robinson 50.8%
0%
Points Per Game 6 Oliver Robinson 15.2
0%
Assists 9 Paul Delaney 364
0%
Steals 3 Paul Delaney 205
0%
Field Goal Percent 4 Reggie Turner 49.3%
0%
Points Per Game 10 Robert Brown 13.8
0%
Three Pointers Made 10 Robert Shannon 162
0%
Points Per Game 5 Robert Shannon 17.1
0%
Three Pointers Made 2 Robert Vaden 254
0%
Field Goal Percent 10 Robert Vaden 40.2%
0%
Points Per Game 3 Robert Vaden 19.3
0%
Points 7 Stanley Jackson 1,491
0%
Rebounds 9 Stanley Jackson 624
0%
Steals 1 Stanley Jackson 237
0%
Field Goal Percent 6 Stanley Jackson 45.4%
0%
Points 1 Steve Mitchell 1,868
0%
Assists 2 Steve Mitchell 597
0%
Steals 4 Steve Mitchell 190
0%
Field Goal Percent 5 Steve Mitchell 45.8%
0%
Points Per Game 8 Steve Mitchell 13.9
0%
Games T4 Steve Mitchell 134
0%
Points 9 Tavin Lovan 1,466
0%
Steals 8 Tavin Lovan 173
0%
Games 1 Tavin Lovan 164
0%
Blocks 3 Tosin Mehinti 169
0%
Games 9 Tosin Mehinti 130
0%
Rebounds 5 Trey Jemison 782
0%
Rebounds 3 William Lee 845
0%
Blocks 1 William Lee 291
0%
Games 7 William Lee 132
0%
Points Per Game 7 Zack Bryant 14.1
0%
No matching quizzes found
Score Distribution
Percent of People with Each Score
Percentile by Number Answered
Your Score History
You have not taken this quiz since the last reset